00912nam a22002417a 450000500170000001000150001702000260003203500140005803700160007208200140008810000290010224500940013125000070022526000650023227000850029730000270038249000130040970000370042270000360045994200280049599900190052395201280054220240715112149.0 aENG-140876 a9789390113224c670.00 aEN-124408 bMcGraw Hill 210a616.4 aGardner, David G.968445 aGreenspan's Basic & Clinical Endocrinology/ced by David G. Gardner [and] Dolores Shoback a10 aChennaibMcGraw Hill Education (India) Private Limitedc2020 a444/1, Sri Ekambara Naicker Industrial Estate, Alapakkam, PorurbChennaie600116 axxiii, 916p.c28cm(pb) aVolume 2 aGardner, David G.eEditor968445 aShoback, DoloreseEditor968446 2ddccENmGREe10h616.4 c204124d204124 001040708NFICaNRbNRd2024-07-15eDBADg670.00l0o616.4 GREpEN-124408r2024-07-15 00:00:00t1v670.00w2024-07-15yEN